000 01607cam a2200205 4500
001 LT123620
008 030916n2002 000 0 eng u
035 _a(Sirsi) u123620
245 _aBarrington Court Developments Ltd V Barrington Court Residents Association
_h[electronic resource]
260 _c2002
520 _aLRX/65/2000, 21 March 2002. Respondent tenant's association X applied to the leasehold valuation tribunal (LVT) under the Landlord and Tenant Act 1985 s19 for various determinations regarding a property. On 31 October 2000 the LVT refused to make an order under the Landlord and Tenant Act 1985 s20C that the costs incurred by the applicant landlord, Barrington Court Developments Y in connection with the LVT proceedings were not to be counted as relevant costs for any service charge payable by the respondent. On 8 December 2000 the LVT refused X's permission to appeal. The LT refused X's application on 8 February 2001. Y applied to the LT for an award of its costs in responding to the unsuccessful application; estimating the total as £6509.75 plus VAT. X argued the LT did not have jurisdiction to make an order of costs. Decision, the application was allowed in part and costs of £1500 plus VAT ordered.
650 _aBARRINGTON COURT DEVELOPMENTS LTD V BARRINGTON COURT RESIDENTS ASSOCIATION
650 _aLANDS TRIBUNAL RULES 1996
650 _aLANDLORD AND TENANT ACT 1985 S20C
650 _aSERVICE CHARGES
650 _aCOSTS
650 _aJURISDICTION
856 _uhttps://case-law.vlex.co.uk/vid/-55339112
_zView decision at case-law.vlex.co.uk
942 _n0
999 _c73411
_d73411